[Event "Greifswald op 3rd"]
[Site "Greifswald"]
[Date "2005.07.10"]
[Round "7"]
[White "Scheiwe, Clemens"]
[Black "Broock, Daniel"]
[Result "1-0"]
[WhiteElo "845"]
[BlackElo "1297"]
[PlyCount "63"]
[EventDate "2005.07.07"]
[EventType "swiss"]
[EventRounds "7"]
[EventCountry "GER"]
[SourceTitle "EXT 2007"]
[Source "ChessBase"]
[SourceDate "2006.11.23"]
[SourceVersion "1"]
[SourceVersionDate "2006.11.23"]
[SourceQuality "1"]

1. e4 d5 2. e5 Nc6 3. d4 Bf5 4. Nf3 e6 5. Bb5 a6 6. Bxc6+ bxc6 7. 0-0 Be7 8. a3 f6 9. Qe2 Qd7 10. Nc3 fxe5 11. Nxe5 Qd6 12. Na4 Nf6 13. Qf3 Ne4 14. Qh5+ g6 15. Qf3 Bf6 16. Bf4 Rf8 17. Qe3 g5 18. Bg3 Nxg3 19. Qxg3 Bxc2 20. Nc3 Rb8 21. b4 Bxe5 22. dxe5 Qe7 23. Qe3 h5 24. Qe2 Bg6 25. Na4 g4 26. Qe3 h4 27. Nc5 h3 28. g3 Ra8 29. Qe2 Qg5 30. Nxe6 Bd3 31. Qxd3 Qxe5 32. Rae1 1-0

[Event "Greifswald Klar op U14 1st"]
[Site "Greifswald"]
[Date "2003.07.12"]
[Round "5"]
[White "Windjaeger, Gerd"]
[Black "Broock, Daniel"]
[Result "1/2-1/2"]
[WhiteElo "902"]
[BlackElo "835"]
[PlyCount "23"]
[EventDate "2003.07.10"]
[EventType "swiss"]
[EventRounds "7"]
[EventCountry "GER"]
[SourceTitle "EXT 2005"]
[Source "ChessBase"]
[SourceDate "2004.11.15"]
[SourceVersion "1"]
[SourceVersionDate "2004.11.15"]
[SourceQuality "1"]

1. d4 d5 2. Nf3 Nf6 3. e3 a6 4. Bd3 Bg4 5. Nbd2 Nc6 6. c3 e6 7. e4 e5 8. exd5 Nxd5 9. Ne4 exd4 10. Qe2 Be7 11. c4 Ndb4 12. Bb1 1/2-1/2